00634 a2200205 450000500170000001000130001702000260003003500130005603700090006908200060007810000270008424500440011126000330015527000140018830000220020270000100022494200250023499900190025995201500027820240527112011.0 aB-759199 a9789354715068c550.00 aB-759199 bGift aN aMartin, Ann M.966896 aThe Baby - Sitters Club/cAnn M. Martin aNew DelhibScholastic c2023 aNew Delhi a166 p.c20 cm(Pb) 966848 adplcCH2ddchNmMAR c203258d203258 001040708FICaBL4bBL4d2024-05-27eGift/20.5.24g550.00l2oN MARpB-759199r2025-09-29 00:00:00s2025-09-15t1v550.00w2024-05-27yCHzGift